Концепт "Правда" в англомовній картині світу (Запис № 284145)

МАРК-запис
000 -LEADER
fixed length control field 01436nam a22001577a 4500
041 ## - LANGUAGE CODE
Language code of text/sound track or separate title ukr
080 ## - UNIVERSAL DECIMAL CLASSIFICATION NUMBER
Universal Decimal Classification number 09
090 ## - LOCALLY ASSIGNED LC-TYPE CALL NUMBER (OCLC); LOCAL CALL NUMBER (OCLC)
Local cutter number (OCLC) ; Book number/undivided call number, CALL (RLIN) КАЛ
100 ## - MAIN ENTRY--PERSONAL NAME
Personal name Каленюк Я.Ю.
245 ## - TITLE STATEMENT
Title Концепт "Правда" в англомовній картині світу
260 ## - PUBLICATION, DISTRIBUTION, ETC. (IMPRINT)
Place of publication, distribution, etc Острог
Name of publisher, distributor, etc КАФ
Date of publication, distribution, etc 2009
300 ## - PHYSICAL DESCRIPTION
Extent 47
520 ## - SUMMARY, ETC.
Summary, etc ВСТУП<br/>РОЗДІЛ 1 КОГНІТИВНИЙ ПІДХІД У ЛІНГВІСТИЦІ ДО ВИВЧЕННЯ МОВНИХ ЯВИЩ<br/>1.1 Когнітивна лінгвістика.<br/>1.2 Концепт як обєкт вивчення когнітивної лінгвістики.<br/>1.3 Семантика ментальності концепту.<br/>1.4 Класифікація та структура концепту.<br/>1.5 Концепт як відображення дійсності через мову.<br/>РОЗДІЛ 2 ОСОБЛИВОСТІ ЛЕКСИКИ ОБРАЗНОГО СПРИЙНЯТТЯ КОНЦЕПТУ "ПРАВДА"<br/>2.1 Підходи до вивчення концепту "Правда".<br/>2.2 Культурно обумовлені особливості феномена концепту "Правда".<br/>2.3 Значення лексеми правда.<br/>2.4 Лексичне вираження концепту "правда".<br/>2.5 Ідіоми з компонентом truth.<br/>ВИСНОВКИ
-- лінгвістика, концепт
650 ## - SUBJECT ADDED ENTRY--TOPICAL TERM
Topical term or geographic name as entry element Research Papers
942 ## - ADDED ENTRY ELEMENTS (KOHA)
Koha item type Книги
Фонди
Withdrawn status Lost status Source of classification or shelving scheme Damaged status Not for loan Home library Current library Date acquired Source of acquisition Cost, normal purchase price Total Checkouts Full call number Barcode Date last seen Price effective from Koha item type
    Universal Decimal Classification     ВІЛ - Відділ іноземн. літератури НБ ВІЛ - Відділ іноземн. літератури НБ 16/04/2009 Акт №1 1.00   09 213387 15/12/2021 16/04/2009 Книги